Central Library OPAC University of Rajshahi
Normal view MARC view

Entry Uniform Title

Number of records used in: 2

001 - CONTROL NUMBER

  • control field: 1314

003 - CONTROL NUMBER IDENTIFIER

  • control field: BD-RjUL

005 - DATE AND TIME OF LATEST TRANSACTION

  • control field: 20220214111016.0

008 - FIXED-LENGTH DATA ELEMENTS

  • fixed length control field: 220214|| aca||aabn | a|a d

040 ## - CATALOGING SOURCE

  • Original cataloging agency: BD-RjUL
  • Transcribing agency: BD-RjUL

130 ## - HEADING--UNIFORM TITLE

  • Uniform title: سلسلہ لکچر ہندوستانی اکادمی

670 ## - SOURCE DATA FOUND

  • Source citation: Work cat.: (BD-RjUL)79372: ندوی، سید سلیمان ;; Nadvi Syed Sulaiman 1311, عرب و ہند کے تعلقات ;; Arab-o-Hind KeTalluqat /, 1930